| 000 | 00878nam a22002417a 4500 | ||
|---|---|---|---|
| 999 |
_c20306 _d20306 |
||
| 005 | 20180823154425.0 | ||
| 008 | 180823b2004 ck |||||rm||| 00| 0 spa d | ||
| 040 |
_aCO-BoIAVH _cCO-BoIAVH |
||
| 041 | _aspa | ||
| 044 | _ack | ||
| 090 |
_aTE- _b00210 |
||
| 100 | 1 |
_aTorres Jaramillo, Julieta _eAutora |
|
| 245 | 1 | 0 | _aCaracterización molecular de tilapia roja (Oreochromis sp) en el Valle del Cauca utilizando marcadores moleculares RAPD |
| 260 |
_aPalmira, Valle: _bUniversidad Nacional de Colombia, _c2004. |
||
| 300 | _a95 páginas | ||
| 502 | _aTrabajo de grado para optar al título de zootecnista | ||
| 650 | _aTilapia roja | ||
| 650 | _aMarcadores molecules | ||
| 700 | 1 |
_aMuñoz, Jaime Eduardo _eDirector |
|
| 700 | 1 |
_aAlvarez, Luz Angela _eCo-directora |
|
| 700 | _aPalacio Mejia, Juan Diego | ||
| 942 |
_2z _cTESIS |
||